Rainfed lowland rice : (Record no. 14693)

000 -LEADER
fixed length control field 00589nam a2200157Ia 4500
020 ## - INTERNATIONAL STANDARD BOOK NUMBER
ISBN 9712201171
040 ## - CATALOGING SOURCE
Transcribing agency ZWI
082 ## - DEWEY DECIMAL CLASSIFICATION NUMBER
Classification number 633 INT 1998 A051 Or.
245 00 - TITLE STATEMENT
Title Rainfed lowland rice :
Remainder of title advances in nutrient management research /
260 ## - PUBLICATION, DISTRIBUTION, ETC. (IMPRINT)
Place of publication Los Banos, Philippines :
Name of publisher International Rice Research Institute,
Year of publication 1998
300 ## - PHYSICAL DESCRIPTION
Number of Pages vi, 304 p. :
Other physical details ill. ;
Dimensions 23 cm
500 ## - GENERAL NOTE
General note Papers presented at a symposium, "International Workshop on Nutrient Research in Rainfed Lowlands,12-15 October 1998 in Ubon" -- p. v
650 #0 - SUBJECT ADDED ENTRY--TOPICAL TERM
Topical Term Rainfed lowland rice
700 1# - ADDED ENTRY--PERSONAL NAME
Personal name Ladha, J. K.
942 ## - ADDED ENTRY ELEMENTS (KOHA)
Koha item type សៀវភៅភាសាអង់គ្លេស
952 ## - LOCATION AND ITEM INFORMATION (KOHA)
Withdrawn status [LOCAL, KOHA] 0
Holdings
Permanent Location Date acquired Koha item type Lost status Shelving location Barcode Current Location Full call number
Library Block A2017-10-24សៀវភៅភាសាអង់គ្លេស A051A06481Library Block A633 INT 1998 A051 Or.
មជ្ឈមណ្ឌលឯការនៃសាកលវិទ្យាល័យភូមិន្ទកសិកម្មចំការដូង

Powered by Koha